=LDR 00000nam 2200000 4500 =001 NUTBA000000000003875 =005 20140828104700.0 =006 =007 =008 =020 ##$$a 978-979-1494-53-3 =035 ##$$a 0010-081400000000720 =040 ##$$a NBPDMAT =082 ##$$a 641.302 =084 ##$$a 641.302 Edi m =100 ##$$a Edi Suwarsono =245 ##$$a Makanan Dan Kesehatan / $c Edi Suwarsono =260 ##$$a Jakarta : $b Pamularsih, $c 2010 =300 ##$$a vi, 74 hlm. ; $c 20 cm. =500 ##$$a Bibliografi : hlm.73-74 =650 ##$$a makanan dan kesehatan =990 ##$$a 21408422 =990 ##$$a 0001/BPAP-NTB/20142014 =990 ##$$a 0001/BPAP-NTB/20142014 =990 ##$$a 0001/BPAP-NTB/20142014 =990 ##$$a 0001/BPAP-NTB/20142014 =990 ##$$a 0001/BPAP-NTB/20142014 =990 ##$$a 11101110 =990 ##$$a 21408423 =990 ##$$a 21408422 =990 ##$$a 21408424 =990 ##$$a 21408425 =990 ##$$a 21408426 =990 ##$$a 01201901110